| 000 | 01621cam a2200313Ii 4500 | ||
|---|---|---|---|
| 001 | a10967017 | ||
| 003 | SIRSI | ||
| 005 | 20250520105037.0 | ||
| 008 | 130708t20132013caua b 000 0 eng d | ||
| 020 | _a9780971015883 | ||
| 035 | _a(OCoLC)852235724 | ||
| 040 |
_aYDXCP _erda _cYDXCP _dTJC _dUtOrBLW |
||
| 041 | _aeng | ||
| 050 |
_aHD69.C6 _bC675 2013 |
||
| 100 |
_aCosentino, Marc P. _921348 _eauthor |
||
| 245 | 1 | 0 |
_aCase in point _b: complete case interview preparation _c/ Marc P. Cosentino. |
| 246 | _aCase in point8 | ||
| 250 | _aEighth edition. | ||
| 260 |
_aSanta Barbara, CA : _bBurgee Press, _c2013. |
||
| 300 |
_ax, 228 pages : _billustrations ; _c23 cm. |
||
| 500 | _a"MBA Analytica; casequestions.com." | ||
| 500 | _a"Featuring the new, streamlined Ivy Case System"--Cover. | ||
| 505 | 0 | _aIntroduction — The interview — Case questions — The Ivy case system — Additional tools and frameworks — Practice cases — Final analysis — Partner case charts. | |
| 520 | _aThe Wall Street Journal calls Case in Point the MBA Bible! Cosentino demystifies the consulting case interview. He takes you inside a typical interview by exploring the various types of case questions and he shares with you the acclaimed Ivy Case System which will give you the confidence to answer even the most sophisticated cases. The book includes 40 strategy cases, ten case starts exercises and 21 ways to cut costs, plus much, much more! | ||
| 650 | 0 |
_aBusiness consultants _xVocational guidance _98560 |
|
| 650 | 0 |
_aConsultants _xVocational guidance _925268 |
|
| 650 | 0 |
_aEmployment interviewing _96365 |
|
| 942 | _2lcc | ||
| 999 |
_c4680 _d4680 |
||